000 00833nam a2200241Ia 4500
003 OSt
005 20220925204355.0
006 a|||||r|||| 00| 0
007 ta
008 220923b |||||||| |||| 00| 0 eng d
020 _a9789211130188
037 _cGeneral Book
040 _aRTL
_cRTL
_beng
041 _2eng
_aeng
082 _aX:551.1(X), R1/UN
100 _aUNITED NATIONS CONFERENCE ON TRADE AND DEVELOPMENT
_922210
245 0 _aCommodities and development report 2021
_b Escaping from the commodity dependence trap through technology and innovation
260 _aGeneva
_bUnited Nations
_c2021
300 _axxii,122p
_ccm.
500 _aBibliography: P 225-34
942 _hX:551.1(X), R1/UN
_cGB
_2CC
999 _c549241
_d549241